000 00293nam a2200121Ia 4500
008 191201s2005 xx 000 0 und d
100 _aJUNEJA, Akshay
245 0 _aMysteries of Love and Life
260 _aN. Delhi
_bPartridge
_c2005
300 _a80
650 _aGeneral Books
942 _2ddc
_cBK
999 _c489
_d489